[Event "XVI Ugra Cup 2020"]
[Site "Khanty-Mansiysk"]
[Date "2020.11.30"]
[Round "1.10"]
[White "Gordeev, Denis"]
[Black "Bocharov, Dmitry"]
[Result "0-1"]
[WhiteElo "1644"]
[BlackElo "2528"]
[Annotator "TA"]
[PlyCount "78"]
[EventDate "2020.11.30"]
[EventType "swiss"]
[EventCountry "RUS"]
[SourceTitle "playchess.com"]
[Source "ChessBase"]
[SourceQuality "1"]

{[%evp 9,77,0,64,44,67,24,100,92,105,103,95,21,35,27,40,0,0,2,7,-10,0,0,30,-84,-86,-85,-81,-116,-116,-113,-122,-173,-152,-188,-195,-233,-176,-192,-151,-183,-154,-152,-120,-135,-131,-143,-150,-143,-127,-168,-154,-165,-167,-182,-191,-172,-194,-158,-166,-464,-470,-29990,-29991,-29993,-29994,-29997,-29998,-29998,-29999,-29999]} 1. e4 c5 2. Nf3 e6 3. d4 cxd4 4. Nxd4 Nf6 5. Bd3 d5 (5... Nc6 $11 6. Nf3 Be7) 6. e5 $14 {B40: Sicilian: 2...e6, Unusual lines.} Ne4 7. O-O (7. Bxe4 $5 dxe4 8. O-O $14) 7... Nd7 {[#]} (7... Nc5 $1 $11) 8. Bxe4 $146 {White is better.} ({Predecessor:} 8. f4 Ndc5 9. b4 Nd7 10. c3 a5 11. Bb5 axb4 12. f5 exf5 13. Rxf5 bxc3 14. Be3 {0-1 (24) Airapetian,C (2074)-Sulskis,S (2578) Los Angeles 2003}) 8... dxe4 {[#]} 9. Bf4 $1 Nb6 10. Nb5 (10. Nc3 $16) 10... Nd5 {White must now prevent ...Bd7.} 11. Bg3 (11. Qd2 {feels hotter.} Bb4 12. c3 Bd7 13. N1a3 Bc5 14. Nd6+) 11... Bd7 12. Nd6+ Bxd6 13. exd6 O-O 14. Qd4 f5 15. Be5 $1 Qg5 16. Nc3 (16. Nd2 $11 {keeps the balance.}) 16... Nxc3 $17 17. bxc3 Bc6 {And now ...f4 would win.} 18. f4 exf3 $1 {[%csl Gc6,Gf3][%cal Rg5g2]} 19. g3 Rf7 20. h4 (20. Rf2 $17) 20... Qh5 $19 21. Qf4 h6 22. Rf2 Rc8 23. Rd1 Bd5 24. Qe3 b5 25. Rd4 a6 26. a3 Kh7 27. Qd2 Rc5 28. Qe3 Rc4 29. Qd2 Qg6 30. Kh2 Rf8 31. Rxc4 bxc4 32. Qd4 Rf7 33. Qb6 Qg4 34. Qb8 $2 (34. Qd4 {was forced.}) 34... Qe4 35. Qe8 {[#]} (35. d7 $19 Rxd7 36. Bd4) 35... Qxe5 {[%mdl 64] Double Attack. Black mates.} 36. Qxf7 Qe3 37. Kg1 Qe1+ 38. Rf1 Qxg3+ {[%mdl 64] Double Attack} 39. Kh1 f2# {Weighted Error Value: White=0.39/Black=0.16} 0-1

[Event "XVI Ugra Cup 2020"]
[Site "Khanty-Mansiysk"]
[Date "2020.12.01"]
[Round "2.1"]
[White "Maltsevskaya, Aleksandra"]
[Black "Sarana, Alexey"]
[Result "1-0"]
[WhiteElo "2248"]
[BlackElo "2636"]
[Annotator "TA"]
[PlyCount "24"]
[EventDate "2020.11.30"]
[EventType "swiss"]
[EventCountry "RUS"]
[SourceTitle "playchess.com"]
[Source "ChessBase"]
[SourceQuality "1"]

{[%evp 14,24,44,45,37,35,43,35,32,44,41,11,59]} 1. e4 c5 2. Nf3 d6 3. d4 cxd4 4. Nxd4 Nf6 5. f3 Nc6 6. c4 Qb6 7. Nc2 e6 8. Nc3 Be7 {B55: Sicilian: 2...d6 3 d4 cxd4 4 Nxd4 Nf6 5 f3.} 9. Bd3 O-O 10. Be3 Qa5 ({Don't blunder} 10... Qxb2 $2 11. Qd2 $16) 11. O-O Rd8 {[#]} 12. Qe1 $146 ({Predecessor:} 12. a3 a6 13. b4 Qc7 14. Na4 Nd7 15. Nd4 Bf6 16. Be2 Qb8 17. Rc1 Nxd4 18. Bxd4 {1-0 (49) Hajas,T (1871)-Bokros,I (2140) Hungary 2013}) 12... Bd7 {White did not feel at home in the position after the opening.  Weighted Error Value: White=0.04/Black=0.02} 1-0

[Event "XVI Ugra Cup 2020"]
[Site "Khanty-Mansiysk"]
[Date "2020.12.01"]
[Round "2.2"]
[White "Pingin, Artem"]
[Black "Zvjaginsev, Vadim"]
[Result "1/2-1/2"]
[WhiteElo "2244"]
[BlackElo "2602"]
[Annotator "TA"]
[PlyCount "137"]
[EventDate "2020.11.30"]
[EventType "swiss"]
[EventCountry "RUS"]
[SourceTitle "playchess.com"]
[Source "ChessBase"]
[SourceQuality "1"]

{[%evp 10,137,23,23,46,33,29,22,53,51,34,16,31,37,60,23,43,29,53,38,47,53,59,14,85,72,90,88,77,96,103,123,105,123,112,119,184,137,304,297,304,290,293,266,350,337,520,553,581,570,550,582,579,575,569,553,513,341,291,276,265,208,217,221,652,175,162,136,120,121,111,109,122,121,117,95,107,118,174,168,162,164,166,122,127,103,106,108,118,115,152,54,87,74,74,74,148,74,81,8,8,8,8,8,8,0,8,0,0,0,8,0,8,0,0,0,0,0,0,0,0,0,0,0,8,8,8,8,8,8]} 1. e4 c5 2. Nf3 a6 3. c3 e6 4. d4 d5 5. e5 Bd7 6. Bd3 Nc6 {now supersedes 6...cxd4. B28: Sicilian: 2 Nf3 a6 (O'Kelly Variation).} 7. a3 Qb6 {[%cal Rc5d4]} 8. Bc2 Nge7 9. dxc5 Qxc5 10. O-O Ng6 11. Re1 Qb6 {[#]} 12. Qe2 $146 ({Predecessor:} 12. h4 Be7 13. g3 f6 14. Bxg6+ hxg6 15. Qd3 O-O-O 16. Be3 Qxb2 17. Nbd2 fxe5 18. Qxg6 e4 19. Nd4 Bf6 20. Rec1 Ne5 {0-1 (20) Korneev,D (2140)-Yurenko,K Kaluga 1996}) 12... Be7 13. Nbd2 {[%cal Bb1d2,Bd2f1,Bf1g3][%mdl 32]} f6 14. exf6 gxf6 15. c4 O-O-O 16. Nf1 d4 (16... Kb8 $11) 17. b4 $16 e5 18. Ng3 Kb8 19. Rb1 Qc7 20. Bd3 Rde8 {[#]} 21. b5 $1 {[%cal Rb5c6]} axb5 22. cxb5 Na5 (22... Nd8 $16) 23. Bd2 {And now b6 would win.} Nf4 $2 (23... Qb6 $16 24. Qd1 Rc8) 24. Bxf4 $18 exf4 25. b6 Qc5 26. Ne4 Qh5 27. Qd2 (27. Nxd4 Qxe2 28. Nxe2 (28. Bxe2 Nc6 $14) 28... f3 $16) 27... Rhg8 (27... Nc6 $142 28. Qxf4+ Ka8) 28. Qxf4+ Ka8 29. Ng3 Qd5 30. Qd2 Nc4 31. Bxc4 Qxc4 32. Nxd4 Qa4 33. Ne6 Bxe6 34. Rxe6 Bc5 35. Rbe1 {Qa5+! would kill now.} Rxe6 36. Rxe6 Qxa3 $2 (36... Qb5 37. Qe2 (37. Rxf6 Bxb6 38. Qc2 Ka7 $18) 37... Qb1+ 38. Nf1 Rd8 39. Rxf6 Bxb6) 37. Qe2 $2 (37. Qd7 {White threatens Re8+ and mate.} Rb8 38. Re4 Qc1+ 39. Nf1 Bxb6 40. Ra4+ Ba7 41. Qd4 {[%mdl 64] Double Attack} (41. Qxh7 Qc6 $18)) 37... Rd8 38. Nf1 Qb3 39. Rxf6 Bxb6 40. Rf3 Qd1 41. Qxd1 Rxd1 $16 {[%mdl 4096] Endgame KRB-KRN} 42. g4 Bc5 43. Kg2 Rd7 {[#]} (43... Rd5 $16 44. Rh3 Rd4) 44. Ng3 $1 $18 b6 45. Ne4 Kb7 46. Rc3 Bd4 47. Rd3 Kc6 48. f4 b5 49. Kf3 Rd5 50. Nd2 (50. Rb3 $16) 50... Bg1 51. Rxd5 Kxd5 $16 {KB-KN} 52. h4 h6 ({Black should play} 52... Bd4) 53. h5 (53. g5 $142) 53... Bd4 54. Ke2 (54. g5 $16) 54... Bc5 $11 {The position is equal.} 55. Kd3 Bd6 56. Ke3 Bc5+ 57. Kf3 Be7 58. Ke3 Bc5+ 59. Kd3 {Threatens to win with Nf1.} Bd6 60. f5 b4 61. f6 {aiming for g5! Cut Off at move 61} Ke6 62. Ne4 {g5 is the strong threat.} Be5 63. g5 (63. f7 $5 Kxf7 64. Kc4 $11) 63... hxg5 64. h6 {Hoping for h7.} Bxf6 65. h7 Bh8 66. Nxg5+ Kf6 67. Ne4+ Kg6 68. Kc4 Kxh7 69. Kxb4 {Black escapes into a draw.  Weighted Error Value: White=0.31/Black=0.28} 1/2-1/2

[Event "XVI Ugra Cup 2020"]
[Site "Khanty-Mansiysk"]
[Date "2020.12.01"]
[Round "2.3"]
[White "Pridorozhni, Aleksei"]
[Black "Zhukov, Anton"]
[Result "0-1"]
[WhiteElo "2590"]
[BlackElo "2233"]
[Annotator "TA"]
[PlyCount "72"]
[EventDate "2020.11.30"]
[EventType "swiss"]
[EventCountry "RUS"]
[SourceTitle "playchess.com"]
[Source "ChessBase"]
[SourceQuality "1"]

{[%evp 20,72,38,14,40,13,33,32,36,32,43,35,45,22,130,125,122,116,98,79,100,34,66,50,76,54,54,0,0,-109,-141,-162,-179,-295,-322,-1126,-1137,-1470,-1459,-1400,-1363,-1270,-1243,-1238,-812,-777,-765,-1163,-1193,-1103,-983,-4814,-2396,-29990,-29991]} 1. c4 Nf6 2. Nc3 g6 3. g3 Bg7 4. Bg2 O-O 5. e4 d6 6. Nge2 e5 7. d3 Nc6 8. O-O Nd4 9. Nxd4 exd4 10. Ne2 c5 11. h3 Ne8 {[#] A26: English Opening vs King's Indian with ...Nc6 and d3.} 12. g4 $146 ({Predecessor:} 12. b4 cxb4 13. a3 bxa3 14. Rxa3 Nc7 15. Bb2 Ne6 16. Qa1 a6 17. Nxd4 Nc5 18. Ne2 Bxb2 19. Qxb2 {1-0 (35) Skembris,S (2525)-Vukic,M (2445) Krusevac 1994}) 12... Qh4 13. Bf4 Be5 {White is slightly better.} 14. Qd2 {[#] Threatens to win with Bg5.} Bxf4 15. Qxf4 h5 {[%cal Rh5g4]} 16. Qh6 Nf6 (16... Qf6 $1 $11) 17. b4 $16 Re8 18. bxc5 dxc5 19. Rfe1 Bd7 20. Nf4 (20. Rab1 $16) 20... Re5 $14 {Threatening ...Bxg4!} 21. Nd5 Nxd5 22. cxd5 ({Don't play} 22. exd5 Rae8 $15) 22... Rae8 23. f4 ({White should play} 23. Reb1 $14) 23... Rxd5 $11 {[%mdl 64] [#] Pin} 24. Reb1 (24. Rec1 $1 $11 {keeps the balance.}) 24... Rd6 $17 25. Rxb7 Qg3 26. Qg5 (26. gxh5 {was necessary.} Bxh3 27. Rb2) 26... hxg4 $19 27. hxg4 $2 (27. f5 Bxf5 28. Rf1) 27... Qe3+ 28. Kf1 Qxd3+ 29. Kg1 Qe3+ 30. Kf1 Be6 {[%cal Re6c4]} 31. Qxc5 Qxf4+ 32. Kg1 Rc8 33. Rc7 Rdd8 34. Rxc8 Qe3+ 35. Kh1 Rxc8 36. Qxa7 Kg7 {Weighted Error Value: White=1.45/Black=0.24} 0-1

[Event "XVI Ugra Cup 2020"]
[Site "Khanty-Mansiysk"]
[Date "2020.12.01"]
[Round "2.4"]
[White "Sharikov, Alexander"]
[Black "Rozum, Ivan"]
[Result "1-0"]
[WhiteElo "2202"]
[BlackElo "2563"]
[Annotator "TA"]
[PlyCount "32"]
[EventDate "2020.11.30"]
[EventType "swiss"]
[EventCountry "RUS"]
[SourceTitle "playchess.com"]
[Source "ChessBase"]
[SourceQuality "1"]

{[%evp 9,32,0,9,9,4,8,6,0,27,21,31,27,35,32,25,25,27,20,16,10,24,8,43,42,57]} 1. b3 d5 2. Bb2 Bf5 3. e3 e6 4. Nf3 Nf6 5. c4 Be7 6. Nc3 {A06: Réti Opening: 1 Nf3 d5.} O-O 7. d4 Nbd7 {[#]} 8. Bd3 $146 {The position is equal.} ({Predecessor:} 8. Be2 h6 9. O-O c6 10. Rc1 Bd6 11. Bd3 Ne4 12. Qc2 Ndf6 13. Ne5 Nxc3 14. Bxc3 Ne4 15. Bb2 Qg5 16. Qe2 Rac8 17. c5 Bxe5 18. dxe5 {1-0 (54) Marten,G (2054)-Nahler,M (1834) Bad Homburg 2009}) 8... Bg6 9. Bxg6 hxg6 10. O-O Ne4 11. Nxe4 dxe4 12. Nd2 f5 $1 13. f3 exf3 14. Qxf3 Bb4 15. Rad1 Bxd2 16. Rxd2 c6 {Weighted Error Value: White=0.02/Black=0.08} 1-0

[Event "XVI Ugra Cup 2020"]
[Site "Khanty-Mansiysk"]
[Date "2020.12.01"]
[Round "2.5"]
[White "Bocharov, Ivan"]
[Black "Mochalin, Faddey"]
[Result "1/2-1/2"]
[WhiteElo "2559"]
[BlackElo "2196"]
[Annotator "TA"]
[PlyCount "33"]
[EventDate "2020.11.30"]
[EventType "swiss"]
[EventCountry "RUS"]
[SourceTitle "playchess.com"]
[Source "ChessBase"]
[SourceQuality "1"]

{[%evp 15,20,29,26,0,0,0,0]} 1. e4 c5 2. Nf3 d6 3. d4 cxd4 4. Nxd4 Nf6 5. Nc3 a6 6. Bg5 e6 7. f4 h6 8. Bh4 Qb6 9. Qd3 {B96: Sicilian Najdorf: 6 Bg5 e6 7 f4, lines other than 7...Qb6 and 7...Be7.} Qxb2 10. Rb1 Qa3 {[#] Not much happened in this game. Not enough moves} {Predecessor:} 11. f5 $146 Be7 12. fxe6 Bxe6 13. Nxe6 fxe6 14. e5 dxe5 15. Bxf6 gxf6 16. Be2 e4 17. Qc4 {½-½ (30) Asadli,V (2502)-Yilmaz,M (2618) Konya 2019} 1/2-1/2

[Event "XVI Ugra Cup 2020"]
[Site "Khanty-Mansiysk"]
[Date "2020.12.01"]
[Round "2.6"]
[White "Tunik, Sergey"]
[Black "Tsydypov, Zhamsaran"]
[Result "1-0"]
[WhiteElo "2128"]
[BlackElo "2558"]
[Annotator "TA"]
[PlyCount "79"]
[EventDate "2020.11.30"]
[EventType "swiss"]
[EventCountry "RUS"]
[SourceTitle "playchess.com"]
[Source "ChessBase"]
[SourceQuality "1"]

{[%evp 13,79,27,55,51,115,105,116,114,124,128,189,191,196,197,194,195,198,201,198,178,200,188,195,197,186,189,222,206,249,252,260,244,459,450,479,479,589,535,671,552,769,532,725,455,851,821,787,418,377,304,343,310,485,493,596,545,563,564,1124,1104,29993,29994,29994,29995,29995,29996,29996,29997]} 1. d4 Nf6 2. c4 g6 3. Nc3 d5 4. Bf4 Bg7 5. e3 c6 6. Nf3 O-O 7. Rc1 Nh5 8. Be5 {D93: Grünfeld: 4 Nf3 Bg7 5 Bf4 0-0 6 e3.} f6 (8... Nf6 $14) 9. Bxb8 $16 Rxb8 10. cxd5 {White is better.} cxd5 {[#]} 11. Nxd5 $1 {[%mdl 512]} Be6 {[#]} ({Don't go for} 11... Qxd5 $2 12. Bc4 $18) (11... e5 $16) 12. Nc7 $146 {[%cal Rc7e6]} ({Predecessor:} 12. Nc3 Qa5 13. Be2 Rfd8 14. O-O Bf8 15. b3 b5 16. Qd2 Bf7 17. Ne4 Qb6 18. Rc5 {1-0 (35) Jacobs,B (2200)-Pedersen,F Soro 1982}) 12... Bd7 13. Bc4+ Kh8 14. Ne6 Bxe6 15. Bxe6 {Threatens to win with g4.} Bh6 16. Qa4 Ng7 17. Bb3 a6 18. O-O Nf5 19. Rc5 $36 {[%mdl 2048] White is in control.} Ra8 20. Be6 b6 21. Rxf5 gxf5 22. Nh4 ({But not} 22. Bxf5 $6 Qd5 $16) 22... b5 $2 (22... Qe8 23. Qxe8 Rfxe8 24. Nxf5 Bf8) 23. Qd1 Qe8 24. Nxf5 Qg6 25. Qf3 Ra7 26. Rc1 Rb8 27. h3 a5 28. Rc5 Ra6 {[#]} (28... Rd8 $142 29. Rxb5 Ra6) 29. Qb7 $1 {[%mdl 512]} Raa8 (29... Rxb7 30. Rc8+) 30. Qc6 Bf8 31. Kh2 b4 32. g4 a4 (32... Qe8 {might work better.} 33. Qe4 Qg6) 33. Nh4 Qd3 34. Rh5 {Black must now prevent Bf5!} h6 35. Bf5 Qe2 36. Qe6 {Intending Rxh6+! and mate.} Ra5 {[#]} 37. Rxh6+ $1 {[%mdl 512] White mates.} Bxh6 38. Ng6+ {[%mdl 64] Double Attack} Kh7 39. Qf7+ Bg7 40. Ne5+ {White took control after the opening.  Weighted Error Value: White=0.40/Black=0.69} 1-0

[Event "XVI Ugra Cup 2020"]
[Site "Khanty-Mansiysk"]
[Date "2020.12.01"]
[Round "2.9"]
[White "Bocharov, Dmitry"]
[Black "Zverev, Lev"]
[Result "1-0"]
[WhiteElo "2528"]
[BlackElo "2053"]
[Annotator "TA"]
[PlyCount "61"]
[EventDate "2020.11.30"]
[EventType "swiss"]
[EventCountry "RUS"]
[SourceTitle "playchess.com"]
[Source "ChessBase"]
[SourceQuality "1"]

{[%evp 16,61,10,0,70,17,45,5,18,0,13,0,0,0,4,0,0,2,58,57,47,62,61,37,41,31,43,24,443,426,508,506,508,508,508,508,508,508,690,687,673,681,663,672,1357,1276,29994,29995]} 1. Nf3 d5 2. g3 c6 3. Bg2 Bg4 4. c4 e6 5. O-O Nf6 6. cxd5 Bxf3 7. Bxf3 cxd5 8. Nc3 Nc6 9. d4 Qb6 {A11: English Opening: 1...c6.} (9... Be7 $11) 10. e3 (10. e4 $1 $14) 10... Bd6 11. Na4 {[#]} Qc7 $146 {The position is equal.} ({Predecessor:} 11... Qd8 12. Bd2 O-O 13. Qb3 Qe7 14. a3 Rab8 15. Rac1 Rfc8 16. Rfd1 h5 17. Qd3 b5 {½-½ (27) Lener,J (1823)-Mrnka,J (1908) Plzen 2003}) 12. Bd2 h5 13. Rc1 h4 {[%cal Rh4g3]} 14. Bg2 hxg3 15. hxg3 Ne4 16. Nc3 Nxc3 (16... Nxd2 $11 17. Qxd2 Qa5) 17. bxc3 $14 Na5 18. e4 dxe4 19. c4 Nc6 20. c5 Be7 $1 ({Don't blunder} 20... Bxg3 $2 21. fxg3 Qd7 22. Bf4 $18) 21. Bxe4 Nxd4 $2 {[%mdl 8192] [#] Black cannot hold the game after this.} (21... Rd8 $1 $11 {and Black is okay.}) 22. Bf4 $1 $18 {[%cal Rf4c7]} e5 {[#]} 23. Qxd4 $1 {[%mdl 512]} exf4 (23... exd4 24. Bxc7) 24. Qxg7 O-O-O {aiming for ...fxg3.} 25. Qg4+ Kb8 {And now ...Rdg8 would win.} 26. Rb1 b6 27. cxb6 axb6 28. Rfc1 Bc5 29. Qf5 {Rxc5 is the strong threat.} (29. Rxc5 Qxc5 30. Qxf4+ Rd6 $18) 29... Rc8 30. Qd5 {[%csl Ge4][%cal Rd5a8]} ({Weaker is} 30. Rxc5 Qxc5 31. Qxf7 (31. Qxf4+ Ka7 $16) 31... Rc6 $16) 30... Ka7 {[#]} 31. Rxc5 $1 {[%mdl 512] Weighted Error Value: White=0.09/Black=0.76} 1-0

[Event "XVI Ugra Cup 2020"]
[Site "Khanty-Mansiysk"]
[Date "2020.12.01"]
[Round "2.10"]
[White "Sabirov, Timur"]
[Black "Afanasiev, Nikita"]
[Result "1/2-1/2"]
[WhiteElo "2057"]
[BlackElo "2519"]
[Annotator "TA"]
[PlyCount "58"]
[EventDate "2020.11.30"]
[EventType "swiss"]
[EventCountry "RUS"]
[SourceTitle "playchess.com"]
[Source "ChessBase"]
[SourceQuality "1"]

{[%evp 29,31,-7,54,33]} 1. e4 Nf6 2. e5 Nd5 3. c4 Nb6 4. d4 d6 5. exd6 cxd6 6. h3 g6 7. Nf3 Bg7 8. Nc3 O-O 9. Be2 Nc6 10. Be3 d5 11. c5 Nc4 12. Bxc4 dxc4 13. O-O Bf5 14. Qa4 Bd3 15. Rfd1 e5 ({Reject} 15... Nxd4 $6 16. Nxd4 Bxd4 {[#]} 17. Rxd3 $1 $16 {[%mdl 576] Pin}) (15... Qe8 $11) 16. d5 {[#] B04: Alekhine's Defence: 4 Nf3.} {Predecessor:} Ne7 $146 17. d6 Nf5 18. Nd5 e4 19. Nd2 b5 20. cxb6 axb6 21. Qb4 b5 22. Ne7+ Kh8 23. Nxf5 gxf5 24. Qc5 Qc8 25. Qd5 Qe6 26. Qc5 Rfc8 27. Qb4 Qd5 28. a3 Ra4 29. d7 Qxd7 {0-1 (29) Spitzl,V (2346)-Tymrakiewicz,R (2253) chess.com INT 2020} 1/2-1/2

[Event "XVI Ugra Cup 2020"]
[Site "Khanty-Mansiysk"]
[Date "2020.12.02"]
[Round "3.1"]
[White "Sarana, Alexey"]
[Black "Schekachikhin, Maksim"]
[Result "1/2-1/2"]
[WhiteElo "2636"]
[BlackElo "2416"]
[Annotator "TA"]
[PlyCount "31"]
[EventDate "2020.11.30"]
[EventType "swiss"]
[EventCountry "RUS"]
[SourceTitle "playchess.com"]
[Source "ChessBase"]
[SourceQuality "1"]

{[%evp 12,31,21,23,14,19,37,25,27,20,23,13,18,18,16,20,19,21,20,16,23,27]} 1. d4 d5 2. Nf3 Nf6 3. c4 c6 4. Nc3 dxc4 5. a4 e6 6. e3 c5 7. Bxc4 Nc6 {D16: Slav Defence: 5 a4: Lines with 5...Bg4 and 5...Na6.} 8. O-O Be7 9. dxc5 Qxd1 10. Rxd1 Bxc5 11. Nd2 $5 {[%mdl 4] A promising side line.} Ke7 {[#]} 12. Nb3 $146 ({Predecessor:} 12. Nde4 Nxe4 13. Nxe4 Bb4 14. Bd2 Bd7 15. Bb5 {½-½ (15) Almeida Quintana,O (2501)-Llanes Hurtado,M (2446) Santa Cruz de la Palma 2007}) 12... Bb4 13. f3 Rd8 14. Rxd8 Kxd8 15. e4 Bd7 16. Be3 {Not much happened in this game.  Weighted Error Value: White=0.03/Black=0.03} 1/2-1/2

[Event "XVI Ugra Cup 2020"]
[Site "Khanty-Mansiysk"]
[Date "2020.12.02"]
[Round "3.2"]
[White "Obgolts, Erik"]
[Black "Bocharov, Ivan"]
[Result "1/2-1/2"]
[WhiteElo "2371"]
[BlackElo "2559"]
[Annotator "ChessBase"]
[PlyCount "64"]
[EventDate "2020.11.30"]
[EventType "swiss"]
[EventCountry "RUS"]
[SourceTitle "playchess.com"]
[Source "ChessBase"]
[SourceQuality "1"]
[TimeControl "5400+30"]

1. e4 {[%emt 0:00:00]} c6 {[%emt 0:00:00]} 2. d4 {[%emt 0:00:00]} d5 {[%emt 0:00:00]} 3. exd5 {[%emt 0:00:00]} cxd5 {[%emt 0:00:00]} 4. Bd3 {[%emt 0:00:00]} Nc6 {[%emt 0:00:00]} 5. c3 {[%emt 0:00:00]} Nf6 {[%emt 0:00:00]} 6. Bf4 {[%emt 0:00:39]} Bg4 {[%emt 0:00:15]} 7. Qb3 {[%emt 0:00:04]} e5 {[%emt 0:00:09]} 8. Bxe5 {[%emt 0:12:31]} Qe7 {[%emt 0:00:15]} 9. Nd2 {[%emt 0:31:29]} Nxe5 {[%emt 0:01:03]} 10. dxe5 {[%emt 0:00:05]} Qxe5+ {[%emt 0:00:06]} 11. Kf1 {[%emt 0:00:37]} O-O-O {[%emt 0:01:04]} 12. h3 {[%emt 0:14:42]} Bf5 {[%emt 0:02:58]} 13. Qc2 {[%emt 0:01:24]} Bxd3+ {[%emt 0:01:57]} 14. Qxd3 {[%emt 0:00:03]} Bc5 {[%emt 0:01:09]} 15. Ngf3 {[%emt 0:00:34]} Qc7 {[%emt 0:01:16]} 16. Nb3 {[%emt 0:02:26]} Bb6 {[%emt 0:06:06]} 17. Nbd4 {[%emt 0:02:10]} Ne4 {[%emt 0:01:27]} 18. g3 {[%emt 0:03:03]} Kb8 {[%emt 0:07:32]} 19. Kg2 {[%emt 0:00:33]} h5 {[%emt 0:06:14]} 20. h4 {[%emt 0:06:46]} f5 {[%emt 0:09:02]} 21. Ng5 {[%emt 0:01:36]} Rc8 {[%emt 0:03:14]} 22. Rad1 {[%emt 0:03:28]} Rhe8 {[%emt 0:11:09]} 23. Qf3 {[%emt 0:01:20]} g6 {[%emt 0:03:22]} 24. Qf4 {[%emt 0:04:33]} Qxf4 {[%emt 0:03:35]} 25. gxf4 {[%emt 0:00:06]} Nc5 {[%emt 0:03:48]} 26. Rd2 {[%emt 0:05:01]} Re7 {[%emt 0:05:40]} 27. Rhd1 {[%emt 0:02:43]} Bc7 {[%emt 0:03:11]} 28. Kf3 {[%emt 0:01:14]} Ne4 {[%emt 0:01:25]} 29. Re2 {[%emt 0:00:58]} Rce8 {[%emt 0:00:12]} 30. Re3 {[%emt 0:01:02]} a6 {[%emt 0:01:36]} 31. Nh3 {[%emt 0:01:52]} Bb6 {[%emt 0:02:54]} 32. Kg2 {[%emt 0:00:52]} Kc7 {[%emt 0:02:53]} 1/2-1/2

[Event "XVI Ugra Cup 2020"]
[Site "Khanty-Mansiysk"]
[Date "2020.12.02"]
[Round "3.3"]
[White "Vetokhin, Savva"]
[Black "Savchenko, Boris"]
[Result "0-1"]
[WhiteElo "2317"]
[BlackElo "2551"]
[Annotator "ChessBase"]
[PlyCount "60"]
[EventDate "2020.11.30"]
[EventType "swiss"]
[EventCountry "RUS"]
[SourceTitle "playchess.com"]
[Source "ChessBase"]
[SourceQuality "1"]
[TimeControl "5400+30"]

1. e4 Nf6 {[%emt 0:22:16]} 2. e5 {[%emt 0:00:00]} Nd5 {[%emt 0:00:07]} 3. d4 {[%emt 0:00:01]} d6 {[%emt 0:00:06]} 4. c4 Nb6 {[%emt 0:00:04]} 5. exd6 {[%emt 0:00:39]} cxd6 {[%emt 0:00:10]} 6. Nc3 {[%emt 0:00:22]} g6 {[%emt 0:00:14]} 7. Be3 Bg7 {[%emt 0:00:08]} 8. Rc1 {[%emt 0:01:03]} O-O {[%emt 0:05:36]} 9. h3 d5 10. c5 {[%emt 0:04:18]} Nc4 {[%emt 0:05:12]} 11. Bxc4 {[%emt 0:02:18]} dxc4 {[%emt 0:00:07]} 12. Nge2 {[%emt 0:03:06]} Bf5 {[%emt 0:08:16]} 13. O-O {[%emt 0:01:33]} Nc6 {[%emt 0:17:05]} 14. b3 {[%emt 0:03:45]} Bd3 {[%emt 0:33:13]} 15. bxc4 {[%emt 0:01:15]} Bxc4 {[%emt 0:00:15]} 16. Qa4 {[%emt 0:01:45]} Ba6 {[%emt 0:04:02]} 17. Rfd1 {[%emt 0:04:09]} e6 {[%emt 0:00:44]} 18. Ng3 {[%emt 0:02:47]} Qh4 {[%emt 0:05:03]} 19. Nce4 {[%emt 0:03:24]} h6 {[%emt 0:00:41]} 20. Qb3 {[%emt 0:24:08]} Rad8 {[%emt 0:00:51]} 21. Nd6 {[%emt 0:01:22]} Nxd4 {[%emt 0:05:47]} 22. Bxd4 {[%emt 0:02:37]} Bxd4 {[%emt 0:00:08]} 23. Nxb7 {[%emt 0:05:31]} Bxf2+ {[%emt 0:04:09]} 24. Kxf2 {[%emt 0:00:10]} Qf4+ {[%emt 0:00:09]} 25. Kg1 {[%emt 0:02:02]} Bxb7 {[%emt 0:00:12]} 26. Qxb7 {[%emt 0:00:26]} Qxg3 {[%emt 0:00:30]} 27. c6 {[%emt 0:05:54]} Rb8 {[%emt 0:00:57]} 28. Qa6 {[%emt 0:00:10]} Rfc8 {[%emt 0:02:57]} 29. Qf1 {[%emt 0:02:51]} Rb2 {[%emt 0:01:35]} 30. Qf3 {[%emt 0:07:36]} Qg5 {[%emt 0:00:59]} 0-1